Loading...
Ithihasakadhakalude nadodi roopangal Wayanad jillayil
| Main Author: | |
|---|---|
| Format: | Ph.D Thesis |
| Language: | Malayalam |
| Published: |
Calicut University:
Dept. of Malayalam,
2007.
|
| LEADER | 00483nam a22001217a 4500 | ||
|---|---|---|---|
| 008 | 111204s9999 xx 000 0 mal d | ||
| 100 | |a Abdul Azeez,P. | ||
| 245 | |a Ithihasakadhakalude nadodi roopangal Wayanad jillayil |c /Abdul Azeez,P. | ||
| 260 | |a Calicut University: |b Dept. of Malayalam, |c 2007. | ||
| 300 | |a . | ||
| 942 | |c TH | ||
| 999 | |c 231479 |d 231479 | ||
| 952 | |0 0 |1 0 |2 ddc |4 0 |6 TH_398_210000000000000_ABD_I |7 0 |9 256371 |a MAL |b MAL |c ST1 |d 2012-09-05 |l 0 |o TH398.21 ABD/I |p MALNB429 |r 2015-04-13 |w 2015-04-13 |y TH | ||